Metals and alloys: student's text (Record no. 82874)

MARC details
000 -LEADER
fixed length control field 00670nam a2200169 a 4500
008 - FIXED-LENGTH DATA ELEMENTS--GENERAL INFORMATION
fixed length control field 120416s1974 ||||||||||||||||| || u
020 ## - INTERNATIONAL STANDARD BOOK NUMBER
International Standard Book Number 0435659669
050 ## - LIBRARY OF CONGRESS CALL NUMBER
Classification number QD 171 Man
100 ## - MAIN ENTRY--PERSONAL NAME
Personal name Mander, M. R
245 10 - TITLE STATEMENT
Title Metals and alloys: student's text
260 ## - PUBLICATION, DISTRIBUTION, ETC.
Place of publication, distribution, etc. London
Name of publisher, distributor, etc. Heinemann
Date of publication, distribution, etc. 1974
350 ## -
-- 0.00
650 ## - SUBJECT ADDED ENTRY--TOPICAL TERM
Topical term or geographic name entry element TEXTBOOKS
650 ## - SUBJECT ADDED ENTRY--TOPICAL TERM
Topical term or geographic name entry element METAL
995 ## -
-- ANNEX COLLECTION (Main Library)
-- 0.00
-- 716275
-- CBU-MAIN LIBRARY (Kitwe)
-- 2
-- 2.70
-- QD 171 Man
-- 2
-- AVAILABLE
-- 012325
-- Annex Low-Usage Collection
995 ## -
-- ANNEX COLLECTION (Main Library)
-- 0.00
-- 716274
-- CBU-MAIN LIBRARY (Kitwe)
-- 1
-- 2.70
-- QD 171 Man
-- 1
-- AVAILABLE
-- 012326
-- Annex Low-Usage Collection
999 ## -
-- 82874
-- 82874
Holdings
Withdrawn status Lost status Source of classification or shelving scheme Damaged status Not for loan Permanent Location Current Location Shelving location Date acquired Total Checkouts Full call number Barcode Date last seen Copy number Price effective from Koha item type
          CBU-MAIN LIBRARY, KITWE. CBU-MAIN LIBRARY, KITWE.   09/29/2023   QD 171 Man 012325 09/29/2023 1 09/29/2023 MONOGRAPH
          CBU-MAIN LIBRARY, KITWE. CBU-MAIN LIBRARY, KITWE.   09/29/2023   QD 171 Man 012326 09/29/2023 2 09/29/2023 MONOGRAPH